Central Library OPAC University of Rajshahi

আধুনিক কাব্য-সংগ্রহ / (Record no. 40298)

MARC details
000 -LEADER
fixed length control field 00971nam a2200253 a 4500
001 - CONTROL NUMBER
control field 40298
003 - CONTROL NUMBER IDENTIFIER
rucl marc code BD-RjUL
005 - DATE AND TIME OF LATEST TRANSACTION
control field 20211209053203.0
008 - FIXED-LENGTH DATA ELEMENTS--GENERAL INFORMATION
fixed length control field 160427s1963 bg ||||| |||| 00| 0 ben d
020 ## - INTERNATIONAL STANDARD BOOK NUMBER
Terms of availability Tk. 3.00
035 ## - SYSTEM CONTROL NUMBER
System control number (BD-RjUL)40413
040 ## - CATALOGING SOURCE
Original cataloging agency BD-RjUL
Language of cataloging ben
Transcribing agency BD-RjUL
041 ## - LANGUAGE CODE
Language code of text/sound track or separate title ben
082 ## - DEWEY DECIMAL CLASSIFICATION NUMBER
Edition number 23
Classification number 891.441
Author mark and year BAA 1963
110 ## - MAIN ENTRY--CORPORATE NAME
Corporate name or jurisdiction name as entry element বাঙলা একাডেমী
9 (RLIN) 124154
245 00 - TITLE STATEMENT
Title আধুনিক কাব্য-সংগ্রহ /
Statement of responsibility, etc. বাঙলা একাডেমী
260 ## - PUBLICATION, DISTRIBUTION, ETC. (IMPRINT)
Place of publication, distribution, etc. ঢাকা :
Name of publisher, distributor, etc. বাঙলা একাডেমী,
Date of publication, distribution, etc. ১৯৬৩ (১৩৭০)
300 ## - PHYSICAL DESCRIPTION
Pagination [১২], ২৪০ পৃ. ;
Size ২২ সেমি.
490 ## - SERIES STATEMENT
Series statement আধুনিক সাহিত্য-গ্রন্থমালা-২
650 ## - SUBJECT ADDED ENTRY--TOPICAL TERM
Topical term or geographic name as entry element বাংলা কবিতা
9 (RLIN) 124155
Topical term or geographic name as entry element Bengali Poetry
9 (RLIN) 124156
856 ## - ELECTRONIC LOCATION AND ACCESS
Uniform Resource Identifier <a href="আধুনিক সাহিত্য-গ্রন্থমালা-২">আধুনিক সাহিত্য-গ্রন্থমালা-২</a>
942 ## - ADDED ENTRY ELEMENTS (KOHA)
Source of classification or shelving scheme Dewey Decimal Classification
Koha item type Books
Holdings
Lost status Source of classification or shelving scheme Damaged status Not for loan Collection code Permanent Location Current Location Shelving location Date acquired Source of acquisition Cost, normal purchase price Total Checkouts Full call number Date last seen Copy number Koha item type
  Dewey Decimal Classification     Non-fiction Central Library, University of Rajshahi Central Library, University of Rajshahi   21/01/1967 Nowroze kitabistan, Dacca 3.00   B 891.441 BAA 1963 27/04/2016 C-2 Books
  Dewey Decimal Classification     Non-fiction Central Library, University of Rajshahi Central Library, University of Rajshahi   18/01/1965 Ideal 3.00   B 891.441 BAA 1963 02/05/2016 C-3 Books
  Dewey Decimal Classification     Non-fiction Central Library, University of Rajshahi Central Library, University of Rajshahi   11/01/1965 N/A     B 891.441 BAA 1963 18/08/2016 C-4 Books
  Dewey Decimal Classification     Non-fiction Central Library, University of Rajshahi Central Library, University of Rajshahi   18/01/1965 Ideal 3.00   B 891.441 BAA 1963 22/08/2016 C-5 Books
  Dewey Decimal Classification     Non-fiction Central Library, University of Rajshahi Central Library, University of Rajshahi   15/12/1966   3.00   B 891.441 BAA 1963 14/11/2016 C-6 Books
  Dewey Decimal Classification     Non-fiction Central Library, University of Rajshahi Central Library, University of Rajshahi   15/12/1966   3.00   B 891.441 BAA 1963 14/11/2016 C-7 Books
  Dewey Decimal Classification     Non-fiction Central Library, University of Rajshahi Central Library, University of Rajshahi   11/01/1965   3.00   B 891.441 BAA 1963 14/11/2016 C-8 Books
  Dewey Decimal Classification     Non-fiction Central Library, University of Rajshahi Central Library, University of Rajshahi   11/01/1965   3.00   B 891.441 BAA 1963 14/11/2016 C-9 Books
  Dewey Decimal Classification     Non-fiction Central Library, University of Rajshahi Central Library, University of Rajshahi   11/01/1965   3.00   B 891.441 BAA 1963 14/11/2016 C-10 Books
  Dewey Decimal Classification   Not For Loan Non-fiction Central Library, University of Rajshahi Central Library, University of Rajshahi Reading Room 15/12/1966 N/A 3.00   B 891.441 BAA 1963 14/11/2016 C-1 Books